banner-ar

A GUIDE TO AVIATION EDUCATION RESOURCES / (Record no. 15417)

MARC details
000 -الفاتح
حقل البيانات ثابتة الطول 00544nam a2200181Ia 4500
008 - عناصر البيانات ثابتة الطول - معلومات عامة
حقل البيانات ثابتة الطول 140319s9999 xx 000 0 eng d
040 ## - مصدر الفهرسة
وكالة الفهرسة الأصلية GCL /
وكالة النسخ GCL
082 04 - رقم تصنيف ديوى العشرى
رقم التصنيف 629.13007
رقم المادة U G
100 1# - المدخل الرئيسى - إسم شخصى
الإسم الشخصى U.S DEPARTMENT OF TRANSPORTAION
245 10 - بيان العنوان
العنوان A GUIDE TO AVIATION EDUCATION RESOURCES /
بيان المسئوليه,etc U.S DEPARTMENT OF TRANSPORTAION
300 ## - الوصف المادى
التعداد 31 P
650 04 - المدخل الاضافى بالموضوع-مصطلح موضوعى
مصطلح موضوعي AVIATION
650 04 - المدخل الاضافى بالموضوع-مصطلح موضوعى
مصطلح موضوعي AERONAUTICS - UNITED STATES
650 04 - المدخل الاضافى بالموضوع-مصطلح موضوعى
مصطلح موضوعي AERONAUTICS - STUDY AND TEACHING
942 ## - عناصر المدخل الإضافي( كوها)
مصدر التصنيف او مخطط الترفيف Dewey Decimal Classification
Koha [default] item type كتاب
260 ## - PUBLICATION, DISTRIBUTION, ETC. (IMPRINT)
-- [S.N] :
-- NATIONAL COALITION FOR AVIATION
Holdings
حالة التراجع حالة الفقد حالة تلف ليس للاعارة المكان المؤقت الموقع الحالى تاريخ الاكتساب اجمالي اﻻعارات رقم الطلب الباركود تاريخ اخر مشاهدة تاريخ تفعيل السعر نوع وعاء كوها
        مكتبة القاهرة الكبرى مكتبة القاهرة الكبرى 03/26/2014   629.13007\U G 28556 03/26/2014 03/26/2014 كتاب

Powered By

EGPV